Ensayos sobre el infringimiento cristiano
Uloženo v:
| Hlavní autor: | |
|---|---|
| Médium: | Kniha |
| Jazyk: | španělština |
| Vydáno: |
Madrid
Editora Nacional
1975
|
| Edice: | Biblioteca de heterodoxos y marginados, 7
|
| Témata: | |
| Tagy: |
Přidat tag
Žádné tagy, Buďte první, kdo vytvoří štítek k tomuto záznamu!
|
MARC
| LEADER | 00000nam a2200000 a 4500 | ||
|---|---|---|---|
| 001 | UCV8932 | ||
| 003 | CL-VaPUC | ||
| 008 | 920305e19750000SP |||||||||||||||||spa|d | ||
| 082 | 0 | 4 | |a 220.64 |b SEN |2 21 |
| 100 | 0 | |a Sender, Ramón José |e author |9 302912 | |
| 245 | 1 | 0 | |a Ensayos sobre el infringimiento cristiano |
| 300 | |a 286 p | ||
| 942 | |c BK | ||
| 945 | |d 19920305 00:00:00 | ||
| 260 | |a Madrid |b Editora Nacional |c 1975 | ||
| 650 | 7 | |a CRUZ |2 CL-VaPUC |9 267341 | |
| 650 | 0 | |a Religión |9 255164 | |
| 650 | 0 | |a Simbología |9 267342 | |
| 650 | 0 | |a Cristianismo |9 257361 | |
| 583 | |a last modification |c 20180314 14:49:26 |k Rodrigo Vera | ||
| 490 | 0 | |a Biblioteca de heterodoxos y marginados, 7 | |
| 999 | |c 214347 |d 214345 | ||
| 952 | |0 0 |1 0 |4 0 |6 220_640000000000000_SEN_1975 |7 0 |8 A |9 197615 |a BIBHIS |b BIBHIS |d 2019-11-14 |i 1331329 |o 220.64 SEN 1975 |p 1331329 |r 2025-01-20 |w 2019-11-14 |y BK |k HIS | ||